000
00264nam a2200109Ia 4500
008
190902s9999||||xx |||||||||||||| ||und||
100
_a
Shaikh Saadi Shirazi
245
0
_a
Hikayat-i-Saadi
260
_a
Lahore
_b
Alasar Publications
_c
2000
300
_a
288
942
_c
BK
999
_c
2923
_d
2923